[Event "FIDE Chesscom Grand Swiss 2021"]
[Site "Riga"]
[Date "2021.11.04"]
[Round "8.35"]
[White "Mamedov, Rauf"]
[Black "Pichot, Alan"]
[Result "0-1"]
[WhiteElo "2673"]
[BlackElo "2628"]
[Annotator "TA"]
[PlyCount "122"]
[EventDate "2021.10.27"]
[EventType "swiss"]
[EventCountry "LAT"]
[Tiebreak "Cut1 Buchholz+Sonneborn-Berger (Swiss)"]
[SourceTitle "playchess.com"]
[Source "ChessBase"]
[SourceQuality "1"]

{[%evp 18,122,-10,-9,-3,-10,0,0,0,0,0,0,0,-24,41,46,48,35,35,40,46,46,38,44,63,
86,85,0,0,0,0,0,0,0,0,0,0,0,62,52,72,-36,-22,-66,0,-34,-41,-76,-41,-108,-113,
-84,-91,-233,-163,-287,-147,-724,-497,-483,-483,-396,-402,-762,-754,-722,-700,
-913,-895,-914,-812,-3210,-3590,-2193,-1874,-2035,-1997,-1581,-1514,-12834,
-11777,-12835,-12835,-12837,-12838,-12841,-12841,-12842,-12843,-12844,-12841,
-12841,-12840,-12841,-12841,-12841,-12842,-12842,-12843,-12843,-12843,-12844,
-12844,-12845,-12845,-12845,-12844]} 1. Nf3 Nf6 2. g3 d5 3. Bg2 c5 4. O-O e6 5.
d3 Nc6 6. Nbd2 Be7 7. e4 O-O 8. Re1 Qc7 9. Nf1 dxe4 10. dxe4 b5 $5 {[%mdl 4]
Leaves trodden paths. C00: French: Unusual White 2nd moves.} 11. Bf4 Qb6 {[#]}
12. a4 $146 ({Predecessor:} 12. c3 Rd8 13. Qc2 Bb7 14. e5 Nd5 15. Ng5 g6 16.
Ne4 Nxf4 17. gxf4 a5 18. Re3 {1/2-1/2 (43) Strittmatter,N (2056)-Pepping,S 
(1965) Germany 2006}) 12... Rd8 {The position is equal.} 13. Qc1 b4 14. Ne3 Ba6
15. Nd2 Rxd2 16. Qxd2 $14 Rd8 17. Qc1 Nd4 $1 18. a5 Qb5 19. b3 Qe2 20. Qd1 Qb5
21. Nc4 Nxb3 22. cxb3 (22. Nd6 $1 $16 {[%cal Rd6b5]} Nxa1 23. Nxb5 Rxd1 24.
Rxd1 Nxc2 25. Nxa7) 22... Rxd1 $11 23. Rexd1 h6 24. Rac1 Qe8 25. Nd6 Qc6 26. e5
Nd5 27. Nf5 exf5 (27... Qd7 $11) 28. Bxd5 $14 Qc8 {[#] Threatening ...g5.} 29.
Be3 ({Only move:} 29. e6 $1 $16 {[%cal Re6f7]} fxe6 {[#]} 30. Re1 $1 exd5 31.
Rxe7) 29... Bb5 30. Rd2 Bc6 (30... g5 $15) 31. Bxc6 Qxc6 32. Rcd1 a6 33. h4 ({
White should play} 33. Rd7 $15 Qf3 34. Re1) 33... g5 34. hxg5 hxg5 35. Rd5 (35.
Rc1 $17) 35... Kf8 36. Rd7 (36. Rd6 $142 Qf3 37. Bxc5 Bxd6 38. Rxd6) 36... Qe6
(36... c4 $19 {Strongly threatening ...f4.} 37. bxc4 b3) 37. R1d5 $2 {[%mdl
8192] Now White is beyond hope.} (37. Rc7 $17 f4 38. Bxc5 Bxc5 39. Rd8+ Kg7 40.
Rxc5) 37... Ke8 38. Rxe7+ Qxe7 39. Bxc5 $19 {[%mdl 4096] Endgame KQ-KRB} Qe6
40. Rd3 (40. Rd4 $142 Qxe5 41. Rc4) 40... f4 {Black is clearly winning.} 41.
Bb6 Qxe5 42. gxf4 gxf4 43. Kf1 Qe4 44. Rd8+ Ke7 45. Rd4 Qb1+ 46. Kg2 Qxb3 47.
Bc5+ Ke6 48. Bf8 Ke5 49. Rxb4 Qd5+ 50. Kh2 Qxa5 51. Rc4 Qd8 52. Bg7+ Kf5 53.
Rc5+ Kg6 54. Be5 Qh4+ 55. Kg2 Qg4+ 56. Kh2 f3 {[%csl Gf3][%cal Rg4g2]} 57. Bg3
f5 58. Rc6+ Kf7 59. Rc7+ Ke6 {( -> ...Qh5+)} 60. Rc6+ Kd5 61. Rd6+ Kc5 {
Weighted Error Value: White=0.81/Black=0.18} 0-1

[Event "FIDE Chesscom Grand Swiss 2021"]
[Site "Riga"]
[Date "2021.11.04"]
[Round "8.36"]
[White "Movsesian, Sergei"]
[Black "Saric, Ivan"]
[Result "0-1"]
[WhiteElo "2627"]
[BlackElo "2644"]
[Annotator "TA"]
[PlyCount "64"]
[EventDate "2021.10.27"]
[EventType "swiss"]
[EventCountry "LAT"]
[Tiebreak "Cut1 Buchholz+Sonneborn-Berger (Swiss)"]
[SourceTitle "playchess.com"]
[Source "ChessBase"]
[SourceQuality "1"]

{[%evp 13,64,22,16,8,-3,-10,25,0,0,-60,-52,-67,-56,-124,-111,-129,-122,-119,
-91,-110,-109,-217,-235,-340,-325,-358,-358,-332,-352,-350,-349,-351,-341,-321,
-234,-216,-236,-202,-197,-190,-186,-174,-170,-198,-194,-191,-178,-448,-452,
-29964,-29964,-29965,-29966]} 1. e4 c5 2. Nf3 Nc6 3. Bb5 g6 4. O-O Bg7 5. Bxc6
dxc6 6. d3 Nf6 7. h3 O-O 8. Bd2 {[#] B31: Sicilian: 2...Nc6 3 Bb5 g6.} e5 $146
({Predecessor:} 8... c4 9. e5 Nd7 10. d4 b5 11. Nc3 Nb6 12. Qc1 f6 13. Bh6 fxe5
14. Bxg7 Kxg7 15. Nxe5 Qxd4 {1/2-1/2 (51) Dolzhikova,K (2228)-Sibashvili,G 
(2389) Batumi 2019}) 9. Bc3 Nh5 10. Nxe5 {White has an edge.} Bxh3 $1 11. f4 (
11. gxh3 $11 Bxe5 12. Bxe5 Qg5+ {[%mdl 64] Double Attack} 13. Bg3 Nxg3 14. fxg3
Qxg3+ {[%mdl 64] Double Attack} 15. Kh1 Qxh3+ 16. Kg1) 11... Bc8 $15 12. Nd2 f6
13. Ng4 {[#]} (13. Nxg6 $15 hxg6 14. g4) 13... b5 $1 $17 {[%cal Rb5b4] And now
...b4 would win.} 14. Nb3 c4 15. Nc5 Qd6 16. d4 Nxf4 17. Nf2 (17. Ne3 $17)
17... f5 $19 18. b4 (18. a4 $142) 18... a5 19. bxa5 {[#]} Bxd4 $1 {[%mdl 576]
Deflection, Decoy} 20. Bxd4 {[#]} Qxd4 {[%mdl 512]} 21. Qxd4 Ne2+ {[%mdl 64]
Double Attack} 22. Kh2 Nxd4 23. c3 Ne6 24. Nxe6 Bxe6 25. a4 bxa4 26. Rxa4 fxe4
{Strongly threatening ...e3.} 27. Kg1 e3 28. Ne4 Rxf1+ 29. Kxf1 Bf5 30. Ng3 (
30. Rxc4 Rxa5 31. Ke2) 30... Bd3+ 31. Ke1 {[#]} (31. Kg1 $19 Kf7 32. Ra1) 31...
Rb8 $1 {[%cal Rb8b1]} 32. Ra1 Rb2 {White got outplayed after the opening. 
Weighted Error Value: White=0.59/Black=0.05} 0-1

[Event "FIDE Chesscom Grand Swiss 2021"]
[Site "Riga"]
[Date "2021.11.04"]
[Round "8.37"]
[White "Gukesh D"]
[Black "Yakubboev, Nodirbek"]
[Result "0-1"]
[WhiteElo "2640"]
[BlackElo "2621"]
[Annotator "TA"]
[PlyCount "74"]
[EventDate "2021.10.27"]
[EventType "swiss"]
[EventCountry "LAT"]
[Tiebreak "Cut1 Buchholz+Sonneborn-Berger (Swiss)"]
[SourceTitle "playchess.com"]
[Source "ChessBase"]
[SourceQuality "1"]

{[%evp 19,74,36,42,30,58,29,29,21,36,31,36,5,27,0,41,0,0,7,6,6,-2,-43,-24,-68,
-38,-37,-25,-77,0,0,0,-22,80,133,278,-312,-307,-379,-375,-514,-514,-507,-497,
-490,-490,-511,-497,-496,-497,-1092,-1094,-1050,-987,-2493,-2205,-29985,-2683]
} 1. d4 Nf6 2. c4 g6 3. Nc3 Bg7 4. e4 d6 5. Nf3 O-O 6. Be2 e5 7. O-O h6 8. Re1
Nbd7 9. Bf1 Re8 10. Rb1 a5 11. d5 {E95: King's Indian: Classical: 7...Nbd7 8
Re1.} Nh7 {[#]} 12. g3 $146 ({Predecessor:} 12. a3 f5 13. b4 axb4 14. axb4 f4
15. Nd2 g5 16. f3 h5 17. Bb2 Kh8 18. Ra1 Rxa1 19. Qxa1 {0-1 (32) Kamadadze,Z 
(2262)-Ismailova,P (2140) Batumi 2001}) 12... Nc5 13. Bg2 {White has an edge.}
Ng5 14. Nxg5 hxg5 15. b3 {[%cal Bb2b3,Bb3b4][%mdl 32]} g4 16. a3 a4 17. b4 Nb3
18. Be3 Bd7 19. Ne2 f5 20. Qd3 b6 21. f4 gxf3 22. Bxf3 g5 23. Kh1 {[#]} ({
Wrong is} 23. exf5 $2 e4 $19) (23. Bh5 $11 {keeps the balance.} Rf8 24. g4)
23... f4 (23... Qf6 $1 $17 24. Rg1 Kh8) 24. gxf4 $11 exf4 25. Bf2 g4 {[#]} (
25... Kh8 $11) 26. Rg1 $1 $16 gxf3 (26... Qe7 $16 27. Nxf4 (27. Bxg4 Qxe4+ 28.
Qxe4 Rxe4 $14) 27... Rf8) 27. Rxg7+ $4 {[%mdl 8192]} Kxg7 $19 28. Rg1+ {[#]}
Kh6 $1 29. Qxf3 Qe7 30. Qxf4+ Kh7 31. e5 {Be3 would kill now.} Rf8 32. Qe4+ Bf5
33. Qf3 {[%cal Rf3h5]} Kh8 {Threatens to win with ...Nd2.} 34. Nf4 (34. e6 $142
Bh7 35. Qe3 Rxf2 {[%mdl 64] Deflection} 36. Qxf2 Be4+ 37. Rg2) 34... Qh7 {
Hoping for ...Be4!} 35. Re1 Nd2 {[%mdl 64] Double Attack} 36. Qe3 Be4+ 37. Ng2
Nf3 {[%csl Gf3][%cal Rh7h2][%mdl 64] Double Attack.  Weighted Error Value:
White=0.81/Black=0.23} 0-1

[Event "FIDE Chesscom Grand Swiss 2021"]
[Site "Riga"]
[Date "2021.11.04"]
[Round "8.38"]
[White "Abasov, Nijat"]
[Black "Antipov, Mikhail Al."]
[Result "0-1"]
[WhiteElo "2638"]
[BlackElo "2619"]
[Annotator "TA"]
[PlyCount "100"]
[EventDate "2021.10.27"]
[EventType "swiss"]
[EventCountry "LAT"]
[Tiebreak "Cut1 Buchholz+Sonneborn-Berger (Swiss)"]
[SourceTitle "playchess.com"]
[Source "ChessBase"]
[SourceQuality "1"]

{[%evp 23,100,35,52,0,0,0,0,-8,0,0,0,0,0,-10,0,-2,-1,-21,0,0,10,0,0,-33,-44,
-32,-30,-40,10,7,19,-29,-29,-65,-57,-87,-91,-91,-84,-84,-80,-99,-87,-130,-149,
-143,-140,-223,-216,-212,-212,-192,-214,-209,-192,-273,-265,-380,-372,-428,
-406,-445,-439,-408,-437,-416,-331,-386,-354,-29972,-29973,-29972,-29974,
-29973,-29975,-29974,-29976,-29968,-29970]} 1. Nf3 Nf6 2. c4 c5 3. Nc3 e6 4. g3
b6 5. Bg2 Bb7 6. O-O Be7 7. d4 cxd4 8. Qxd4 d6 9. b3 O-O 10. Rd1 Nbd7 11. Bb2
a6 12. e4 Qc7 {[#]} 13. a4 $146 {A30: Symmetrical English: Double Fianchetto
and Hedgehog.} (13. Qe3 $14) ({Predecessor:} 13. h3 Rac8 14. Ba3 Nc5 15. e5
Bxf3 16. exd6 Bxd6 17. Bxf3 Rfd8 18. Qe3 Bxg3 19. fxg3 Qxg3+ 20. Kf1 Qxh3+ 21.
Ke2 {0-1 (86) Prohaszka,P (2592)-Eljanov,P (2672) Chess.com INT 2020}) 13...
Rac8 $11 14. h3 Rfd8 15. Qe3 {The position is equal.} Bf8 16. Rac1 Qb8 17. Ba3
Nc5 18. Nd2 Qa8 19. b4 Ncd7 20. Qe2 g6 21. Kh2 Re8 22. f4 h5 23. g4 hxg4 24.
hxg4 Qb8 25. Rf1 Nh7 26. g5 Rc7 27. Qg4 Qd8 28. Bb2 Bg7 29. Ba1 {Black
converts the advantage convincingly.} e5 $1 30. Nd5 Bxd5 31. exd5 exf4 32. Bxg7
Kxg7 33. Qxf4 {[#]} Ne5 $1 34. Ne4 {[#]} Nd3 $1 {[%cal Rd3f4][%mdl 64] Double
Attack} 35. Qh4 {[#]} (35. Qxd6 $17 Qxd6+ 36. Nxd6) 35... Rxe4 $1 {[%mdl 512]}
36. Qxe4 Nxc1 37. Qd4+ Kg8 38. Rxc1 Qxg5 39. Re1 (39. Rf1 $142) 39... Nf6 $19
40. Bh3 (40. Bf3 $142) 40... b5 $1 41. axb5 axb5 42. c5 dxc5 {[%mdl 64]
Overworked Piece} 43. bxc5 {[#]} Rxc5 $1 {[%mdl 512]} 44. Qxc5 {Hoping for Qd4.
} Qd2+ {[%mdl 64] Double Attack} 45. Bg2 {Re7 is the strong threat.} Qxe1 46.
Qxb5 $2 (46. Qd4 $19 Nd7 47. d6) 46... Qe5+ {Black mates.} 47. Kg1 Ng4 48. Qb6
Qe1+ 49. Bf1 Qg3+ 50. Bg2 Ne3 {[%csl Ge3][%cal Rg3g2] Weighted Error Value:
White=0.37/Black=0.04} 0-1

[Event "FIDE Chesscom Grand Swiss 2021"]
[Site "Riga"]
[Date "2021.11.04"]
[Round "8.39"]
[White "Dreev, Aleksey"]
[Black "Henriquez Villagra, Cristobal"]
[Result "1/2-1/2"]
[WhiteElo "2635"]
[BlackElo "2608"]
[Annotator "TA"]
[PlyCount "104"]
[EventDate "2021.10.27"]
[EventType "swiss"]
[EventCountry "LAT"]
[Tiebreak "Cut1 Buchholz+Sonneborn-Berger (Swiss)"]
[SourceTitle "playchess.com"]
[Source "ChessBase"]
[SourceQuality "1"]

{[%evp 10,104,34,44,49,32,35,34,31,14,21,14,16,6,14,8,21,-3,0,-6,-7,-17,-2,-20,
6,6,3,5,4,0,0,0,0,0,0,0,0,0,0,0,0,0,0,-49,-45,-39,-47,-63,-58,-77,-59,-67,-22,
-72,-23,-12,-50,-52,-49,-55,-48,-44,0,0,0,0,0,0,0,0,0,-8,-5,-8,0,0,0,0,0,0,0,
-8,0,0,0,-8,-8,-17,0,0,0,0,0,0,0,0,0]} 1. d4 Nf6 2. c4 g6 3. Nc3 Bg7 4. e4 d6
5. Be2 O-O 6. Be3 Na6 $1 {[%mdl 4] is currently scoring better than 6...e5.
E73: King's Indian: Averbakh Variation without 6...c5.} 7. h4 h5 8. f3 c5 {
[#] White is slightly better.} 9. Qd2 $146 ({Predecessor:} 9. d5 e6 10. Nh3
exd5 11. cxd5 Bxh3 12. Rxh3 Nc7 13. Qd2 a6 14. Kf1 b5 15. a3 {1/2-1/2 (36)
Kelires,A (2530)-Kourkoulos Arditis,S (2416) Paleochora 2018}) 9... cxd4 10.
Bxd4 Nb4 11. Nh3 Bxh3 12. Rxh3 Nc6 {[#] ...Nxe4! is the strong threat.} 13.
Bxf6 Bxf6 14. g4 Bxc3 15. Qxc3 hxg4 16. fxg4 Qa5 (16... Ne5 {is more complex.}
17. O-O-O Qc7 18. g5 Rac8 19. h5 Nxc4 20. hxg6 Ne5) 17. Qxa5 Nxa5 18. Rc1 Rfc8
19. Kd2 Rc7 20. h5 Rac8 {[%cal Ra5c4]} 21. b3 Nc6 22. hxg6 fxg6 23. Rch1 Kf7
24. Rh7+ Ke6 25. Ke3 Ne5 26. Rh8 Kf6 27. Kf4 Nf7 28. Rxc8 Rxc8 $15 {[%mdl 4096]
Endgame KRB-KRN} 29. b4 b6 30. Rc1 Ng5 31. Rh1 Ra8 32. e5+ $1 dxe5+ 33. Ke3 a5
34. c5 axb4 35. Rf1+ Ke6 {[#] Threatens to win with ...Ra3+.} 36. Bc4+ {
The position is equal.} Kd7 37. cxb6 {Strongly threatening Rd1+.} Kc6 38. b7
Ra3+ 39. Bb3 $1 Kxb7 40. Rc1 Ra5 41. Rc4 Rb5 42. Ba4 Rb6 43. Rc5 Nf7 44. Bb3 e6
45. Ke4 Kb8 46. Ke3 Kb7 47. Ke4 g5 48. Ke3 Nh6 49. Kf3 e4+ 50. Kxe4 Nxg4 51.
Rxg5 Nf6+ 52. Kd4 Nd5 {Weighted Error Value: White=0.05/Black=0.05} 1/2-1/2

[Event "FIDE Chesscom Grand Swiss 2021"]
[Site "Riga"]
[Date "2021.11.04"]
[Round "8.40"]
[White "Kravtsiv, Martyn"]
[Black "Moussard, Jules"]
[Result "1/2-1/2"]
[WhiteElo "2625"]
[BlackElo "2632"]
[Annotator "TA"]
[PlyCount "191"]
[EventDate "2021.10.27"]
[EventType "swiss"]
[EventCountry "LAT"]
[Tiebreak "Cut1 Buchholz+Sonneborn-Berger (Swiss)"]
[SourceTitle "playchess.com"]
[Source "ChessBase"]
[SourceQuality "1"]

{[%evp 9,191,10,-3,18,15,-18,-15,-12,-13,-22,-14,-33,-4,-15,-18,-13,-18,-14,17,
-31,-31,-22,-29,-31,-20,-25,-25,-28,-20,-56,-15,-26,0,0,30,0,0,0,0,0,-8,-7,0,
-18,-21,-25,-25,-25,0,-35,-25,-32,0,-75,-81,-90,-45,-40,-44,-55,-41,-45,-35,
-131,-126,-126,-60,-60,-60,-57,-20,-20,-4,-25,-22,-28,-9,-9,-7,-41,-19,-12,-12,
-29,-22,-103,-79,-79,-79,-83,-83,-93,-61,-93,-45,-45,-46,-49,-12,-50,-12,-12,
-12,-12,-12,-12,0,-12,0,-12,0,0,0,0,0,0,0,0,0,0,0,0,0,0,0,0,0,0,0,0,0,0,0,0,0,
0,0,-11,-11,-11,-11,-11,-11,-11,-11,-11,-11,-11,-11,-12,0,0,0,0,0,0,0,0,0,
-28000,-28000,-28000,-28000,-28000,-28000,-28000,-28000,-28000,-28000,-28000,
-28000,-28000,-28000,-28000,-28000,-28000,-28000,-28000,-28000,-28000,-28000,
-28000,-28000,-28000]} 1. e4 e5 2. Nf3 Nf6 3. Nc3 Nc6 4. a4 g6 5. d4 exd4 6.
Nxd4 {C47: Scotch Four Knights and Four Knights with 4 g3.} Bg7 7. Nxc6 bxc6 {
[#]} 8. Bc4 $146 {The position is equal.} ({Predecessor:} 8. Bd3 O-O 9. O-O d6
10. Bg5 h6 11. Bh4 Rb8 12. Rb1 g5 13. Bg3 Ng4 14. Be2 {0-1 (37) Ratsma,M (2245)
-Koziak,V (2425) Skalica 2020}) 8... O-O 9. O-O d6 10. Bg5 h6 11. Bf4 Re8 12.
Re1 Rb8 13. Rb1 Be6 14. Bd3 Ng4 15. Qd2 Qf6 16. h3 {[#]} g5 $1 {Strongly
threatening ...Nxf2.} 17. Bg3 (17. Bxd6 cxd6) 17... Ne5 18. Be2 Ng6 19. Nd1 Nf4
20. Bf1 Rb7 21. b3 Bd7 22. f3 Qd4+ 23. Qxd4 Bxd4+ 24. Bf2 Bxf2+ 25. Kxf2 h5 26.
Nb2 h4 27. Rbd1 f6 28. Nc4 Rbb8 29. Nb2 c5 30. Nd3 Be6 31. g3 (31. Nb2 $11)
31... hxg3+ $17 ({Reject} 31... Nxh3+ $6 32. Bxh3 Bxh3 33. gxh4 $16) 32. Kxg3
Nh5+ 33. Kf2 Kf7 34. Be2 Rh8 ({Avoid the trap} 34... Bxh3 $2 35. Rh1 $18) 35.
Rh1 $1 Nf4 36. Ke3 (36. Nxf4 $15 gxf4 37. Rh2) 36... Nxh3 37. f4 gxf4+ ({
Black should play} 37... Rbe8 $17 {Hoping for ...Bf5.} 38. fxg5 fxg5 39. Rdf1+
Kg7) 38. Nxf4 $15 Nxf4 39. Kxf4 Rbg8 40. a5 Ke7 41. Bf3 Kf8 (41... Bf7 {
looks sharper.} 42. Rdg1 Rd8 43. Bg4 Rdf8 44. Bf5 Rb8) 42. Rb1 Rxh1 (42... Ke8
{seems wilder.} 43. Rbc1 Kd8 44. Rcg1 Rf8 45. Be2 Bf7) 43. Rxh1 $11 {[%mdl
4096] Endgame KRB-KRB} Rg5 44. Rb1 Ke7 45. Rh1 Bg8 46. Rb1 Bf7 47. c3 (47. Rh1
$11 {keeps the balance.}) 47... Bh5 48. Rh1 Bxf3 49. Kxf3 $17 {KR-KR} Kd7 50.
Rh8 Kc6 51. Rb8 Rg1 52. Ke3 Ra1 53. Kd3 Rd1+ 54. Kc2 (54. Ke2 $5 {[%cal Re2d1]}
Ra1 55. Kd3 $17) 54... Rf1 (54... Re1 {feels hotter.} 55. Kd3 Ra1 56. Rf8 Rb1
57. Kc2 Rf1) 55. a6 Rf2+ 56. Kd3 Rf3+ 57. Kd2 $1 Rf2+ 58. Kd3 Rf3+ 59. Kd2 $1
c4 60. bxc4 Rf2+ 61. Kd3 Ra2 (61... Rf4 {is interesting.} 62. Rb7 Rf3+ 63. Kd4
Rf4 64. Kd3) 62. Rf8 Rxa6 63. Rxf6 Ra5 64. Kd4 Rc5 65. Rf8 Rh5 66. Rb8 a5 (
66... Ra5 {keeps more tension.} 67. Rb1 Rg5 68. Rb8 Re5 69. Rb1 Rc5) 67. Kd3
Kd7 68. Ra8 Rg5 69. Kc2 Kc6 70. Rb8 Rc5 71. Kd3 $1 Rh5 72. Kc2 Rh2+ 73. Kb3 Rh1
{[#] ( -> ...Rb1+)} 74. Rb5 Rb1+ 75. Ka4 Ra1+ 76. Kb3 a4+ 77. Kb2 Re1 78. Ra5
Re2+ 79. Ka3 Rc2 80. e5 dxe5 81. Rxe5 Rxc3+ 82. Kb4 Rc1 (82... Rb3+ {is more
complex.} 83. Kxa4) 83. Re6+ Kb7 $2 {[%mdl 8192]} (83... Kd7 $11 84. Ra6 Rh1)
84. Kxa4 Rxc4+ {Mate.} 85. Kb3 Rc6 86. Re5 Kb6 87. Kb4 Rc1 88. Re6+ c6 89. Rh6
Rb1+ 90. Kc4 Rg1 91. Rh5 Rg4+ 92. Kc3 c5 93. Rh8 Rg3+ 94. Kc4 Rg4+ 95. Kc3 Rg3+
96. Kc4 {[%mdl 32768] Weighted Error Value: White=0.15/Black=0.13. An
unexpected result.} 1/2-1/2

[Event "FIDE Chesscom Grand Swiss 2021"]
[Site "Riga"]
[Date "2021.11.04"]
[Round "8.41"]
[White "Nguyen, Thai Dai Van"]
[Black "Durarbayli, Vasif"]
[Result "1/2-1/2"]
[WhiteElo "2577"]
[BlackElo "2629"]
[Annotator "TA"]
[PlyCount "76"]
[EventDate "2021.10.27"]
[EventType "swiss"]
[EventCountry "LAT"]
[Tiebreak "Cut1 Buchholz+Sonneborn-Berger (Swiss)"]
[SourceTitle "playchess.com"]
[Source "ChessBase"]
[SourceQuality "1"]

{[%evp 15,76,18,21,18,46,42,25,30,50,36,19,40,28,-38,-45,-41,-10,-24,-14,-18,
-7,-14,-14,-14,-17,-10,-12,-19,0,-27,-21,-32,-20,-29,-24,-24,-19,-25,0,-27,-42,
-70,-65,-96,-96,-93,0,0,0,-1,0,-5,0,-8,0,0,0,0,0,0,0,0,0]} 1. c4 c6 2. Nc3 d5
3. d4 Nf6 4. cxd5 cxd5 5. Bf4 Nc6 6. e3 a6 7. Be2 Bf5 8. Nf3 e6 9. Qb3 {
D13: Slav Defence: Exchange variation without ...Bf5.} Nh5 10. Qxb7 Na5 11. Qc7
{And now Qxd8+ would win.White has an edge.} Nxf4 12. Qxd8+ $1 Rxd8 13. exf4
Rb8 {[#]} 14. Nd1 $146 (14. O-O-O $11) ({Predecessor:} 14. O-O-O Bb4 15. Bd3
Bxc3 16. bxc3 Bxd3 17. Rxd3 Nc4 18. Ne5 Na3 19. Rhd1 f6 20. Nc6 {0-1 (67)
Volkov,S (2619)-Bluebaum,M (2957) Chess.com INT 2019}) 14... Bb4+ $15 {[%mdl
1024] Black has compensation.} 15. Kf1 Ke7 16. Ne3 Be4 17. Ng5 Bg6 18. f5 (18.
g3 {with more complications.} Bd6 19. b3 Nc6 20. Rd1 h6 21. f5) 18... Bxf5 19.
Nxf5+ exf5 20. Nf3 Bd6 21. b3 Rb6 22. Bd3 Kf6 23. g3 Nc6 24. Rc1 g5 25. h3 h5
26. Kg2 Re8 27. Rhd1 g4 28. Nh4 f4 29. hxg4 hxg4 30. gxf4 Nxd4 ({Black should
try} 30... Bxf4 $17 31. Rc5 Ne7) 31. Kg3 $11 {The position is equal.} Rb4 {
White must now prevent ...Bxf4+!} (31... Ne6 $5 32. Ng2 $8 Nxf4 $1 33. Nxf4 Kg5
$11) 32. Ng2 a5 33. Rh1 ({Not} 33. Ne3 $2 {[#]} Bxf4+ $1 {[%mdl 512]} 34. Kg2
Bxe3 $19) 33... Ne6 {[%cal Re6f4]} 34. Rh6+ Ke7 {[%cal Re6f4]} 35. Re1 $1 Kd8 {
[%cal Rd6f4]} 36. Rf6 Ke7 37. Rh6 Kd8 {[%cal Rd6f4]} 38. Rf6 Ke7 {Weighted
Error Value: White=0.08/Black=0.08} 1/2-1/2

[Event "FIDE Chesscom Grand Swiss 2021"]
[Site "Riga"]
[Date "2021.11.04"]
[Round "8.42"]
[White "Suleymanli, Aydin"]
[Black "Gelfand, Boris"]
[Result "1/2-1/2"]
[WhiteElo "2541"]
[BlackElo "2680"]
[Annotator "TA"]
[PlyCount "76"]
[EventDate "2021.10.27"]
[EventType "swiss"]
[EventCountry "LAT"]
[Tiebreak "Cut1 Buchholz+Sonneborn-Berger (Swiss)"]
[SourceTitle "playchess.com"]
[Source "ChessBase"]
[SourceQuality "1"]

{[%evp 12,76,16,11,18,29,22,15,25,23,22,10,19,0,0,0,0,0,0,0,0,0,-5,-16,-14,-16,
-10,-26,-19,-21,-15,-14,-12,-16,-8,-8,-8,-8,-6,-11,-8,-8,-7,-9,0,0,0,0,0,0,0,0,
0,0,0,-9,0,0,0,0,0,0,0,0,0,0,0]} 1. d4 Nf6 2. c4 e6 3. Nc3 Bb4 4. Qc2 O-O 5. a3
Bxc3+ 6. Qxc3 d5 7. Bg5 h6 {E36: Nimzo-Indian: Classical: 4...d5 5 a3.} 8. Bxf6
Qxf6 9. Nf3 dxc4 $1 {9...dxc4 scores better than 9...c6.} 10. Qxc4 Nc6 11. Qc3
Re8 12. e3 e5 13. Nxe5 Nxe5 14. dxe5 Qxe5 15. Qxe5 Rxe5 {[#]} 16. O-O-O $146 ({
Predecessor:} 16. Rc1 c6 17. Bc4 Kf8 18. Ke2 Be6 19. Rhd1 Ke7 20. Bxe6 Rxe6 21.
f3 a5 22. Rc4 {1/2-1/2 (40) Bok,B (2624)-Sevian,S (2647) Krasnaya Polyana 2021}
) 16... Be6 17. Kb1 Kf8 18. Be2 Bd5 19. Rhg1 Ke7 20. Bd3 {The position is
equal.} Rd8 21. Bc2 Rd6 22. Rd3 Be4 23. Rxd6 Bxc2+ 24. Kxc2 Rc5+ 25. Kd3 Kxd6
$11 {[%mdl 4096] Endgame KR-KR} 26. e4 a5 27. b4 axb4 28. axb4 Rh5 29. h3 Rb5
30. Rd1 c5 ({Wrong is} 30... Rxb4 $2 31. Kc3+ Ke5 32. Kxb4 $18) 31. Kc4+ Kc6
32. bxc5 Rxc5+ 33. Kb3 Re5 34. Rd4 b5 35. f3 Re8 36. Rd5 Ra8 37. Rf5 Ra7 38. h4
f6 {A rather calm draw.  Weighted Error Value: White=0.02/Black=0.02} 1/2-1/2